00715 2200217 4500001002100000005001700021008004100038035002400079082001000103090001700113111004500130245014500175260005700320300003000377650002500407850002100432980001400453985000600467986000900473999001500482YOGYA-0209000004373720090227030157.0 ind  0010-020900000043737 a307.7 a307.7bSem S aSEMINAR NASIONAL ... (1997 : Yogyakarta) aSeminar nasional arah kebijaksanaan pembangunan nasional yang berdimensi kerakyatan menyongsong abad XXI tanggal 19 April 1997 di Yogyakarta aYogyakartabSekolah Tinggi Pertanahan Nasionalc1997 a[223] lembarbilusc29 cm aPembangunan nasional aYOPDYOG [TRM 29] a19-9-2007 a1 aRuni a07A0026024